Cartoons für Hundefans /

Saved in:
Bibliographic Details
Main Author: Butschkow, Peter.
Format: Book
Language:German
Published: Oldenburg : Lappan, c1997.
Subjects:
Tags: Add Tag
No Tags, Be the first to tag this record!
LEADER 00542nam a2200193 a 4500
001 007783274-4
005 20020606104010.5
008 980507s1997 gw a 000|0 ger c
020 |a 3890826679 
035 0 |a ocm45089519 
042 |a pcc 
100 1 |a Butschkow, Peter. 
245 1 0 |a Cartoons für Hundefans /  |c Peter Butschkow. 
260 |a Oldenburg :  |b Lappan,  |c c1997. 
300 |a [47] p. :  |b chiefly col. ill. ;  |c 24 cm. 
650 0 |a Dogs  |v Caricatures and cartoons. 
650 0 |a German wit and humor, Pictorial. 
988 |a 20020608 
906 |0 MH